| 000 | 00392nam a2200145Ia 4500 | ||
|---|---|---|---|
| 008 | 210430s9999 xx 000 0 und d | ||
| 020 | _a978-1259029455 | ||
| 082 | _a660 A9321 S | ||
| 100 | _aGeorge T Austin | ||
| 245 |
_aShreve's Chemical Process Industries / _cGeorge T Austin |
||
| 250 | _a5th edition | ||
| 260 |
_aNew York _bMcGraw Hill _c1984 |
||
| 300 | _a859p. | ||
| 942 |
_cBK _2ddc |
||
| 999 |
_c564238 _d564238 |
||